Matemática: Pensar e descobrir (Record no. 74534)

MARC details
000 -LÍDER
campo de controle de tamanho fixo 00393 a2200169 4500
001 - NÚMERO DE CONTROLE
campo de controle 74534
020 ## - ISBN - INTERNATIONAL STANDARD BOOK NUMBER
ISBN - International Standard Book Number 853225678-3
040 ## - FONTE DA CATALOGAÇÃO
Instituição que transcreveu o registro Anchieta - Colégio São Paulo
100 ## - ENTRADA PRINCIPAL--NOME PESSOAL
Nome pessoal Giovanni, José Ruy
240 10 - TÍTULO UNIFORME
Título uniforme Matemática: Pensar e descobrir
Idioma da obra por
245 10 - TÍTULO
Título Matemática: Pensar e descobrir
300 ## - DESCRIÇÃO FÍSICA
Extensão 319
362 0# - DATAS DE PUBLICAÇÃO E/OU DESIGNAÇÃO SEQUENCIAL
Datas de publicação e/ou designação sequencial 2005
440 #1 - DECLARAÇÃO DE SÉRIE/ENTRADA ADICIONADA--TÍTULO
Título FTD
650 #4 - ASSUNTO--TERMO TÓPICO
Cabeçalho tópico ou nome geográfico Matemática
942 ## - ELEMENTOS DE ENTRADA ADICIONADOS (KOHA)
Tipo de material Koha Livros
Holdings
Situação do descarte Situação das perdas Situação física Não pode ser emprestado Biblioteca de origem Biblioteca atual Data de aquisição Total de empréstimos Número de chamada completo Código de barras Data de último acesso Data do preço efetivo Tipo de material Koha
        Colégio São Paulo Colégio São Paulo 22/11/2023   510 G512m 5241/CSP 22/11/2023 22/11/2023 Livros